8 mots dans mots : vin (mort subite) - Statistiques

Statistiques générales
  • Ce quiz a été pris 90 fois
  • Le résultat moyen est 5 sur 8
Answers on the Grid
Answers color-coded by a green-red scale on the quiz's grid according to % correct below.
Désen---imer
Intra---triculaire
Di---ités
In---torier
Pisse - ---aigres
Saisie-re---dication
Quatre – cent – ---gt – et - un
Locations - ---tes
In---ciblement
Dermato - ---éréologue
Méro---gienne
Ale---er
Sub---tionner
Pro---cialisme
Ra---er
Recon---tionnellement
 
Statistiques - réponses
Réponse % Correct
Di---ités
80%
Quatre – cent – ---gt – et - un
72%
In---ciblement
69%
Pisse - ---aigres
69%
Méro---gienne
64%
Pro---cialisme
50%
Ra---er
50%
Ale---er
34%
Aucun quiz correspondant
Distribution des résultats
% des personnes avec chaque résultat
Percentile par nombre de réponses
Votre historique - résultats
Vous n’avez pas pris ce quiz